| 000 | 00365nam a22001337a 4500 | ||
|---|---|---|---|
| 005 | 20160404102520.0 | ||
| 008 | 160404b xxu||||| |||| 00| 0 eng d | ||
| 050 | _aPS3503.A9233D3 | ||
| 100 |
_aBaum, Vicki _923501 |
||
| 245 |
_aDanger from deer _cby Baum, Vicki |
||
| 260 |
_aLondon _bThe Book Club _cno date |
||
| 300 |
_a286p.; _c19cm. |
||
| 942 |
_2lcc _cMONOGRAPH |
||
| 999 |
_c124519 _d124519 |
||